LEADER 00945nam a2200217 i 4500 001 000000132543 003 CaOOAMICUS 005 20070419000000.0 008 070419n it u000 u ita u 013 $a105501 040 $aSeMil$bita 100 1 $aJeanne Françoise : Frémyot de Chantal,$c.$0(OLS)http://semarc/name/4757 245 10$a1622-1625. 260 $aGenova-Quinto :$bMonastero della Visitazione S.M.,$c[s.d.] 300 $a718 p. :$bill. 773 0 $aJeanne Françoise : Frémyot de Chantal $tCorrispondenza.$dGenova-Quinto : Monastero della Visitazione S.M., [s.d.]$g2$w()17666 850 $aSeMil 852 $aSeMil$W1$xVenegono$y1$m3H II 114$j86451$B86451$CSeMilBibl$Z2$F122906 $81 961 $aLascito: Maggi mons. Francesco 996 $6245$a1622-1625$9(OLS)http://semarc/title/194659 996 $6260$aGenova-Quinto :$bMonastero della Visitazione S.M.$9(OLS)http://semarc/publisher/34693 LEADER 01113nam a2200265 i 4500 001 000000063251 003 CaOOAMICUS 005 20240917154231.0 008 980729s1998 it u000 u ita u 020 $a88-7023-253-0 040 $aSeMil$bita 100 1 $aPanizza, Mario,$c.$0(OLS)http://semarc/name/18471 245 10$aCard. Eugenio Tosi :$barcivescovo di Milano (1922-1929) /$cMario Panizza. 264 1$aMilano :$bNED,$c1998. 300 $a222 p. ;$c24 cm 490 1 $aArchivio Ambrosiano ;$v79. 600 14$aTosi, Eugenio .$0(OLS)http://semarc/subject/8791 830 0$aArchivio Ambrosiano ;$v79.$0(OLS)http://semarc/title/254 850 $aSeMil 852 $aSeMil$W1$xVenegono$y1$m3TA A 79$j250842$B29404$CSeMilBibl$Z2$F29407 $81 961 $aOmaggio: Autore 996 $6020$a88-7023-253-0$9(OLS)http://semarc/number/39935 996 $6245$aCard. Eugenio Tosi :$barcivescovo di Milano (1922-1929)$9(OLS)http://semarc/title/99840 996 $6264$aMilano :$bNED$9(OLS)http://semarc/publisher/30187